Normal view MARC view
  • Estados Unidos

Entry Nombre Geográfico

Number of records used in: 19

001 - NÚMERO DE CONTROL

  • campo de control: 23751

003 - IDENTIFICADOR DE NUMERO DE CONTROL

  • campo de control: UPN

005 - FECHA Y HORA DE LA ÜLTIMA TRANSACCIÓN

  • campo de control: 20240918130824.0

008 - DATOS DE LONGITUD FIJA

  • campo de control de longitud fija: 230420 n fnznnbabd n aaa |d

035 ## - NÚMERO DE CONTROL

  • Número de control: UPN10000023760

040 ## - FUENTE DE CATALOGACIÓN

  • Lenguaje de catalogación: spa
  • Agencia de catalogación original: MX-MxUPN

151 ## - ENCABEZAMIENTO - NOMBRE GEOGRÁFICO

  • Nombre geográfico: Estados Unidos
  • Subdivisión general : Política y gobierno

670 ## - FUENTE EN LA QUE SE LOCALIZARON DATOS

  • Cita de la fuente: E/P

902 ## - CATALOGADOR

  • Catalogador: MMA/120297